000 00507nam a2200193 a 4500
001 1769488319029
003 YourLibrary
005 20260128114523.0
008 260127s2006##################000#0#eng##
020 _a9780230001725
082 0 4 _a302.2340954
_bBAN
100 1 _aBanaji, Shakuntala,
_eauthor.
245 1 0 _aReading 'Bollywood' :
260 _bPalgrave Macmillan,
_c2006.
300 _a232 pages
650 0 _aPerforming Arts.
942 _cENGLISH
040 _aYourLibrary
_beng
_cYourLibrary
999 _c609374
_d609374